000 00998nam a2200277Ia 4500
001 Para_10230
003 CHAP
008 220125sSept xx 000 0 und d
010 _a208916
040 _cCHAP
090 _aPA CD - TESIS 275
100 _aDíaz Najera, José Francisco
_9126606
245 _aEtiología y manejo de hongos causantes de la pudrición de frutos en calabaza pipiana (Cucurbita argyrosperma Huber) /
_c José Francisco Díaz Najera. Director Mateo Vargas Hernández
260 _aChapingo, Méx. :
_b el autor
300 _a1 CDS ROM (187 p.)
502 _aTesis (M.C. en Protección Vegetal) UACh. Departamento Parasitología Agrícola
700 _aVargas Hernández, Mateo. Director
_9175222
710 _aUACh. Departamento Parasitología Agrícola
_9164025
901 _aPA CD - TESIS 275
902 _aM
905 _a513220Septiembre,2013 abnm8100000000 06
910 _aSept
942 _cPARA
942 _cPARA
_d2
999 _c208916
_d208916